2000 1201 1612 1044 1141 1521 1218 1475 1058 1643 1241 1311 1497 1870 1155 1963 1714 1023 1782 1824 1681 1499 1824 1772 1876 1957 1168 1021 1022 1105 1163 1332 1232 1202 1425 1937 1369 1004 1411 1075 1191 1404 1298 1025 1315 1498 1199 1355 1187 1444 1582 1717 1818 1144 1497 1515 1251 1048 1343 1871 1204 1136 1200 1835 1047 1999 1660 1582 1437 1706 1946 1622 1138 1747 1744 1140 1988 1352 1768 1574 1465 1445 1288 1603 1753 1659 1529 1897 1952 1149 1261 1644 1566 1436 1181 1149 1583 1771 1622 BCNSPRNW ULIB Ver.6.0+V

เปลี่ยนเป็นภาษาไทย

Change to English
 แสดงรายละเอียดบรรณานุกรม
  กลับหน้าหลัก

Brief Record : Get Marc (ISO 2709) : E-mail record : QR code < ปิดหน้าต่าง
LEADER : 00000nam 2200000uu 4500
001    13399111377
003     ULIB
008    110623s||||||||th 000 0 tha d
020    9749396154
050  4 BL1148.T35^bช149ส 2549
100 0  ชนาธิป ศิริปัญญาวงศ์
245 10 สะกดจิตบำบัดโรค /^cชนาธิป ศิริปัญญาวงศ์
260    กรุงเทพฯ :^bAnit Publishing,^c2549
300    191 หน้า ;^c20 ซม.
650  7 สะกดจิต
945    ^p165^l0^i022993
945    ^p165^l0^i022994
995    ทศพร
999 ^a ใช้งานได้ทุกระบบ
รายการนี้ยังไม่มีแท็ก
คุณยังไม่ได้ล็อกอิน คุณสามารถมีกิจกรรมร่วมกับเว็บไซต์ได้ แต่ต้องล็อกอินก่อน ::
  ล็อกอิน

รายการสื่อสารสนเทศ

ลำดับที่ ประเภท เลขเรียก/บาร์โค้ด สถานที่ สถานะ
- ไม่พบข้อมูล -

รายการใกล้เคียง
    ผู้แต่ง [ชนาธิป ศิริปัญญาวงศ์]

    หัวเรื่อง [สะกดจิต]

BibComment


ยังไม่เคยถูกคอมเมนท์

คอมเมนท์ทรัพยากรรายการนี้
  คอมเมนท์: สะกดจิตบำบัดโรค ..


 Copyright 2026. Bcnsprnw @Library